000
00337 a2200157 4500
001
57568
020
_a
9788508107070
040
_c
Anchieta - Pituba
100
_a
Sabino, Fernando
240
1
0
_a
Os restos mortais
_l
por
245
1
0
_a
Os restos mortais
300
_a
64
362
0
_a
2008
650
4
_a
Literatura juvenil
942
_c
BK
999
_c
57568
_d
57568